Nile:Samajika Tulu Kadambari ನಿಲೆ :ಸಾಮಾಜಿಕ ತುಳು ಕಾದಂಬರಿ (Record no. 222838)
[ view plain ]
| 000 -LEADER | |
|---|---|
| fixed length control field | 00644nam a22002057a 4500 |
| 003 - CONTROL NUMBER IDENTIFIER | |
| control field | OSt |
| 005 - DATE AND TIME OF LATEST TRANSACTION | |
| control field | 20260518112119.0 |
| 008 - FIXED-LENGTH DATA ELEMENTS--GENERAL INFORMATION | |
| fixed length control field | 220509b ||||| |||| 00| 0 eng d |
| 040 ## - CATALOGING SOURCE | |
| Transcribing agency | AL |
| 041 ## - LANGUAGE CODE | |
| Language code of text/sound track or separate title | Tulu |
| 082 ## - DEWEY DECIMAL CLASSIFICATION NUMBER | |
| Classification number | T894.3 |
| Item number | MADN |
| 100 ## - MAIN ENTRY--PERSONAL NAME | |
| Personal name | Madhava Peraje ಮಾಧವ ಪೆರಾಜೆ |
| 9 (RLIN) | 264035 |
| 245 ## - TITLE STATEMENT | |
| Title | Nile:Samajika Tulu Kadambari ನಿಲೆ :ಸಾಮಾಜಿಕ ತುಳು ಕಾದಂಬರಿ |
| 260 ## - PUBLICATION, DISTRIBUTION, ETC. | |
| Place of publication, distribution, etc. | Mangaluru |
| Name of publisher, distributor, etc. | Karnataka Tulu Sahitya Academy |
| Date of publication, distribution, etc. | 1997 |
| 300 ## - PHYSICAL DESCRIPTION | |
| Extent | vii,76 p. |
| Other physical details | PB |
| Dimensions | 21x13 cm. |
| 365 ## - TRADE PRICE | |
| Currency code | ₹ |
| Unit of pricing | ₹28.00 |
| 650 ## - SUBJECT ADDED ENTRY--TOPICAL TERM | |
| Topical term or geographic name entry element | Tulu Novel |
| 9 (RLIN) | 34773 |
| 700 ## - ADDED ENTRY--PERSONAL NAME | |
| Personal name | MADHAVA PERAJE |
| 9 (RLIN) | 34774 |
| 942 ## - ADDED ENTRY ELEMENTS (KOHA) | |
| Source of classification or shelving scheme | Dewey Decimal Classification |
| Koha item type | George Fernandes Collections |
| Withdrawn status | Lost status | Damaged status | Not for loan | Collection code | Home library | Current library | Shelving location | Date acquired | Cost, normal purchase price | Total Checkouts | Full call number | Barcode | Date due | Date last seen | Date last checked out | Price effective from | Koha item type | Source of classification or shelving scheme | Cost, replacement price |
|---|---|---|---|---|---|---|---|---|---|---|---|---|---|---|---|---|---|---|---|
| Tulu | St Aloysius Library | St Aloysius Library | 02/17/2021 | 28.00 | 1 | T894.3 MADN | 053952 | 09/21/2026 | 05/23/2026 | 05/23/2026 | 02/17/2021 | Book | |||||||
| Tulu | St Aloysius Library | St Aloysius Library | 03/23/2013 | T894.3 MADN | GF02961 | 05/09/2022 | 05/09/2022 | George Fernandes Collections | Dewey Decimal Classification | 28.00 |